000 00597nam a2200205 a 4500
001 000033115
003 DO-SdBNP
005 20240305085107.0
007 ta
008 110817s1948 dr 000 0 spa d
040 _aDO-SdBNP
_bspa
_cBNPHU
082 _axxxx
_bF632b
100 1 _aFlorén , Luis,
_d1913-1973
_954795
245 1 0 _aBibliografía de la bibliografía dominicana /
_cLuis Floren Lozano.
260 _aCiudad Trujillo, República Dominicana :
_bRoques Román,
_c1948.
300 _a66 p. ;
_c23 cm.
590 _aInventariado, 2022/ YL
910 _aYLockward
942 _2ddc
_cLBS1
999 _c32606
_d32606